| 000 | 01511nam a22004337a 4500 | ||
|---|---|---|---|
| 001 | 23164246 | ||
| 003 | OSt | ||
| 005 | 20210426095704.0 | ||
| 008 | 980429n1990 xx u001 0 eng u | ||
| 020 | _a9241561416 | ||
| 025 | _a000000073017 | ||
| 040 |
_aWIC _cWIC _beng |
||
| 041 | _aeng | ||
| 049 |
_aYYEA _aVZYM |
||
| 080 |
_a614 _bI-56 |
||
| 099 | _aINTERNET LINK | ||
| 245 | 0 | 4 |
_aThe impact of development policies on health / a review of the literature / _b/ by: World Health Organization |
| 260 |
_aGeneva, : _bWorld Health Organization _c1990. |
||
| 300 |
_aix, 165 p. ; _c24 cm. |
||
| 500 | _aEINSTEIN & MMC: available online via World Health Organization. See Reference staff for assistance. | ||
| 504 | _aIncludes bibliographies. | ||
| 590 | _ac. 1 Global Sub. | ||
| 650 | 2 | _aPublic Policy. | |
| 650 | 0 |
_aPublic Health _9337 |
|
| 650 | 2 | _aEconomics. | |
| 650 | 2 | _aHealth. | |
| 650 | 2 | _aDeveloping Countries. | |
| 653 | _aსაზოგადოებრივი ჯანდაცვა | ||
| 653 | _aგანვითარებადი ქვეყნები | ||
| 655 | 7 | _aElectronic books. | |
| 700 | 1 | _aWeil, Diana E. Cooper. | |
| 700 |
_aAlicbusan, P. Adelaida _9645 |
||
| 700 |
_aWilson, F. John _9646 |
||
| 700 |
_aReich, R. Michael _9647 |
||
| 700 |
_aBradley, J. David _9648 |
||
| 710 | 2 | _aWorld Health Organization (Online Service) | |
| 856 | 4 | 1 |
_uhttps://apps.who.int/iris/handle/10665/39850 _zavailable from World Health Organization |
| 942 |
_2udc _cBK |
||
| 999 |
_c877 _d877 |
||